Catálogo

Construcciones neumáticas : (Registro nro. 1985)

Detalles MARC
000 -LEADER
fixed length control field 01382cam a2200337 i 4500
001 - CONTROL NUMBER
control field 1985
003 - CONTROL NUMBER IDENTIFIER
control field Mx-PuUPA
005 - DATE AND TIME OF LATEST TRANSACTION
control field 20240410103432.0
008 - FIXED-LENGTH DATA ELEMENTS--GENERAL INFORMATION
fixed length control field 140415s1977 sp a fr 000 0 spa d
020 ## - INTERNATIONAL STANDARD BOOK NUMBER
International Standard Book Number 8425206847
040 ## - CATALOGING SOURCE
Original cataloging agency Mx-PuUPA
Language of cataloging spa
Transcribing agency Mx-PuUPA
Modifying agency Mx-PuUPA
Description conventions rda
041 1# - LANGUAGE CODE
Language code of text/sound track or separate title spa
Language code of original ger
100 1# - MAIN ENTRY--PERSONAL NAME
Personal name Herzog, Thomas,
Dates associated with a name 1941-
Relator term autor
9 (RLIN) 12127
240 10 - UNIFORM TITLE
Uniform title Pneumatische konstruktionen bauten aus membranen und luft.
Language of a work Español
245 10 - TITLE STATEMENT
Title Construcciones neumáticas :
Remainder of title manual de arquitectura hinchable /
Statement of responsibility, etc. Thomas Herzog ; con la colaboración de Gernot MInke y Hans Eggers ; versión castellana de Aldo Bruni
264 #1 - PRODUCTION, PUBLICATION, DISTRIBUTION, MANUFACTURE, AND COPYRIGHT NOTICE
Place of production, publication, distribution, manufacture Barcelona :
Name of producer, publisher, distributor, manufacturer Editorial Gustavo Gil,
Date of production, publication, distribution, manufacture, or copyright notice 1977
300 ## - PHYSICAL DESCRIPTION
Extent 191 páginas :
Other physical details ilustraciones, diagramas, planos ;
Dimensions 26 cm.
336 ## - CONTENT TYPE
Fuente rdacontent
Content type term texto
Content type code txt
337 ## - MEDIA TYPE
Source rdamedia
Media type term sin medio
Media type code n
338 ## - CARRIER TYPE
Source rdacarrier
Carrier type term volumen
Carrier type code nc
650 #7 - SUBJECT ADDED ENTRY--TOPICAL TERM
Topical term or geographic name entry element Estructuras sustentadas por aire
Source of heading or term armarc
650 #7 - SUBJECT ADDED ENTRY--TOPICAL TERM
Topical term or geographic name entry element Construcciones neumáticas
Source of heading or term armarc
650 #7 - SUBJECT ADDED ENTRY--TOPICAL TERM
Topical term or geographic name entry element Máquinas neumáticas
700 1# - ADDED ENTRY--PERSONAL NAME
Personal name Minke, Gernot,
Relator term colaborador
700 1# - ADDED ENTRY--PERSONAL NAME
Personal name Eggers, Hans,
Relator term colaborador
700 1# - ADDED ENTRY--PERSONAL NAME
Personal name Bruni, Aldo,
Relator term traductor
765 08 - ORIGINAL LANGUAGE ENTRY
Main entry heading Herzog, Thomas, 1941-
Place, publisher, and date of publication Stuttgart : Verlag Gerd Hatje, 1976
Title Pneumatische konstruktionen bauten aus membranen und luft.
942 ## - ADDED ENTRY ELEMENTS (KOHA)
Source of classification or shelving scheme Dewey Decimal Classification
Koha item type Libro
Classification part 693.98
Item part H535
Existencias
Withdrawn status Lost status Source of classification or shelving scheme Damaged status Not for loan Collection code Home library Current library Shelving location Date acquired Source of acquisition Total Checkouts Full call number Barcode Date last seen Price effective from Koha item type
    Dewey Decimal Classification     Referencia Biblioteca Karol Wojtyla Biblioteca Karol Wojtyla Área de silencio 03/12/2013 Compra   693.98 H535 1977 12555 05/01/2026 03/12/2013 Libro R